PHARMACEUTICS -I : A Practicals manual for 1st semester . [ B. Pharma and 1st year D Pharm] (Record no. 8978)

MARC details
000 -LEADER
fixed length control field 00577nam a22001817a 4500
005 - DATE AND TIME OF LATEST TRANSACTION
control field 20251127181015.0
008 - FIXED-LENGTH DATA ELEMENTS--GENERAL INFORMATION
fixed length control field 251125b |||||||| |||| 00| 0 eng d
020 ## - INTERNATIONAL STANDARD BOOK NUMBER
ISBN 978-81-19613-17-5
041 ## - LANGUAGE CODE
Language code of text/sound track or separate title eng
082 ## - DEWEY DECIMAL CLASSIFICATION NUMBER
Classification number 615.3 SUC-P
100 ## - MAIN ENTRY--AUTHOR NAME
Personal name DR, SUCHARITHA. P & REDDY, DR. RAMESH AND REDDY, JAYASHANKAR
245 ## - TITLE STATEMENT
Title PHARMACEUTICS -I : A Practicals manual for 1st semester . [ B. Pharma and 1st year D Pharm]
250 ## - EDITION STATEMENT
Edition statement 1st ed.
260 ## - PUBLICATION, DISTRIBUTION, ETC. (IMPRINT)
Place of publication NEW DELHI
Name of publisher INNOVATIVE PUBLICATION PVT LTD.
Year of publication 2024
300 ## - PHYSICAL DESCRIPTION
Number of Pages 111;P
650 ## - SUBJECT ADDED ENTRY--TOPICAL TERM
Topical Term PHARMACY
General subdivision B.PHARMA
942 ## - ADDED ENTRY ELEMENTS (KOHA)
Koha item type Books
Holdings
Lost status Damaged status Collection code Home library Current library Shelving location Date acquired Source of acquisition Cost, normal purchase price Full call number Accession Number Koha item type
    PHARMACY JRU Library JRU Library SHELF-3-E 14/11/2025 PURCHASE 375.00 615.3 29089 Books